000 00519nam a22001937a 4500
003 MPLRDC
005 20220104190015.0
008 210129b ||||| |||| 00| 0 eng d
020 _a978-986-185-520-2
082 _a874.57 DES
100 _aBREE DESPAIN
245 _a黑暗救赎
_c林小绿 译
250 _a初版
260 _a台湾
_b英属维京群岛商高宝国际有限公司台湾分公司
_c2010
300 _b
490 _a文学新象 163
650 _a美国文学
942 _cBK
_o874.57 DES
999 _c63586
_d63576